LEADER 01877nas 2200625- 450 001 996251285003316 005 20230222213018.0 011 $a1743-9752 035 $a(DE-599)ZDB2183612-7 035 $a(OCoLC)60630287 035 $a(CKB)1000000000019826 035 $a(CONSER)--2020217155 035 $a(EXLCZ)991000000000019826 100 $a20050614a20059999 s-- - 101 0 $aeng 135 $aurun||||||||| 181 $ctxt$2rdacontent 182 $cc$2rdamedia 183 $acr$2rdacarrier 200 10$aLaw, culture and the humanities 210 1$aLondon :$cHodder Arnold 210 31$aThousand Oaks, CA :$cSAGE Publications 215 $a1 online resource (volumes) 300 $aRefereed/Peer-reviewed 311 $a1743-8721 517 1 $aLCH 531 $aLAW, CULTURE & THE HUMANITIES 606 $aCulture and law$vPeriodicals 606 $aLaw and literature$vPeriodicals 606 $aCulture et droit$vPériodiques 606 $aDroit et littérature$vPériodiques 606 $aCulture and law$2fast$3(OCoLC)fst00885095 606 $aLaw and literature$2fast$3(OCoLC)fst00993913 608 $aPeriodicals.$2fast 608 $aPeriodicals.$2lcgft 610 00$arecht 610 00$alaw 610 00$acultuur 610 00$aculture 610 00$ageesteswetenschappen 610 00$ahumanities 610 10$aSocial Sciences (General) 610 10$aSociale wetenschappen (algemeen) 615 0$aCulture and law 615 0$aLaw and literature 615 6$aCulture et droit 615 6$aDroit et littérature 615 7$aCulture and law. 615 7$aLaw and literature. 676 $a340.11 712 02$aAssociation for the Study of Law, Culture and the Humanities. 906 $aJOURNAL 912 $a996251285003316 996 $aLaw, culture and the humanities$92244405 997 $aUNISA LEADER 01506nam a2200397 i 4500 001 991001095349707536 005 20020507183156.0 008 931204s1981 us ||| | eng 020 $a0201135140 035 $ab10800232-39ule_inst 035 $aLE01306940$9ExL 040 $aDip.to Matematica$beng 082 0 $a530.12 084 $aAMS 81B (1985) 084 $aAMS 81P 084 $aAMS 81P10 084 $a53.1.4 084 $a510:53 084 $a530.1'2 084 $aLC QC174.12.B45 100 1 $aBeltrametti, Enrico G.$062275 245 14$aThe logic of quantum mechanics /$cEnrico Beltrametti, Gianni Cassinelli ; foreword by Peter A. Carruthers 260 $aReading, Ma :$bAddison Wesley,$c1981 300 $axxvi, 305 p. :$bill. ;$c25 cm 490 0 $aEncyclopedia of mathematics and its applications ;$v15 504 $aIncludes bibliographical references and index 650 0$aQuantum theory 700 1 $aCassinelli, Gianni$eauthor$4http://id.loc.gov/vocabulary/relators/aut$040463 700 1 $aCarruthers, Peter A. 907 $a.b10800232$b23-02-17$c28-06-02 912 $a991001095349707536 945 $aLE006 53.1.4 BEL$g1$i2006000041232$lle006$o-$pE0.00$q-$rl$s- $t0$u3$v1$w3$x0$y.i10205020$z27-06-02 945 $aLE013 81P BEL11 (1981)$g1$i2013000119748$lle013$o-$pE0.00$q-$rl$s- $t0$u1$v0$w1$x0$y.i10904074$z28-06-02 996 $aLogic of quantum mechanics$91012954 997 $aUNISALENTO 998 $ale006$ale013$b01-01-93$cm$da $e-$feng$gus $h4$i2